The Best of Chef Wan: a taste of Malaysia.
| Main Author: | |
|---|---|
| Format: | Book |
| Published: |
Singapore,
Marshall Cavendish Cuisine, 2011.
|
| Subjects: |
| LEADER | 00413cam a2200145 7i4500 | ||
|---|---|---|---|
| 001 | 0000028023 | ||
| 005 | 20120816090000.0 | ||
| 020 | 0 | 0 | |a 9789814328432 |
| 090 | 0 | 0 | |a B 641.595 |b WAN |
| 100 | 1 | 0 | |a Wan |
| 245 | 1 | 4 | |a The Best of Chef Wan: a taste of Malaysia. |
| 260 | 0 | 0 | |a Singapore, |c Marshall Cavendish Cuisine, |c 2011. |
| 300 | # | # | |a 287 p. |
| 650 | 0 | 0 | |a Cooking, Malaysian |
| 999 | |a b000031367 |b Book |c Book |e Business Information Centre | ||


